Arrival city (Record no. 112181)

MARC details
000 -LEADER
fixed length control field 00745cam a22002175a 4500
001 - CONTROL NUMBER
control field L152717
008 - FIXED-LENGTH DATA ELEMENTS--GENERAL INFORMATION
fixed length control field 110418s2010 xxk f 001 0 eng d
020 ## - INTERNATIONAL STANDARD BOOK NUMBER
International Standard Book Number 9780434018543
035 ## - SYSTEM CONTROL NUMBER
System control number (Sirsi) u152717
041 0# - LANGUAGE CODE
Language code of text/sound track or separate title eng
100 1# - MAIN ENTRY--PERSONAL NAME
Personal name Saunders, Doug
245 00 - TITLE STATEMENT
Title Arrival city
Remainder of title how the largest migration in history is reshaping our world
260 ## - PUBLICATION, DISTRIBUTION, ETC.
Place of publication, distribution, etc. London
Name of publisher, distributor, etc. William Heinemann
Date of publication, distribution, etc. 2010
300 ## - PHYSICAL DESCRIPTION
Extent 356p.
Dimensions 24cm.
520 ## - SUMMARY, ETC.
Summary, etc. Discusses the migration of people from rural to urban areas across the world, and the residential areas which they establish on the fringes of cities.
521 ## - TARGET AUDIENCE NOTE
Target audience note Advanced
590 ## - LOCAL NOTE (RLIN)
Local note KA
651 #4 - SUBJECT ADDED ENTRY--GEOGRAPHIC NAME
Geographic name International
690 ## - LOCAL SUBJECT ADDED ENTRY--TOPICAL TERM (OCLC, RLIN)
Topical term or geographic name as entry element ENVIRONMENTAL AND LAND CONSULTANCY-PLANNING AND DEVELOPMENT
942 ## - ADDED ENTRY ELEMENTS (KOHA)
Suppress in OPAC 0
Holdings
Withdrawn status Lost status Source of classification or shelving scheme Damaged status Not for loan Home library Current library Shelving location Date acquired Cost, normal purchase price Total Checkouts Full call number Barcode Date last seen Copy number Cost, replacement price Price effective from Koha item type
    Dewey Decimal Classification     London London Books 13/06/2011 12.29   711.52 SAU 30077163 06/08/2019 1 12.29 06/08/2019 Book